00317nam a2200121Ia 4500008004100000041000800041082001400049100001500063245004500078260003300123300003200156365000700188240624s9999 xx 000 0 und d aeng a211.6 UBE aUBEROI N K aMANAGING SECULARISM IN THE NEW MILLENNIU c2000aNew DelhibExcel Books axiii, : 124 : p. : cm. ; 24 cRS